000 00402pab a2200169 454500
008 180718b2010 xxu||||| |||| 00| 0 eng d
100 _aPattanaik, B.K.
245 _aSarva Shiksha Abhiyan and inclusive education
260 _c2010
300 _ap.6-9.
362 _aSep
650 _aPrimary education
700 _aSingh, Madan Mohan
773 _aKurukshetra
908 _aN
909 _a87722
999 _c87722
_d87722